Statistics for Rock Bands With Bad Grammar

Click here to take the quiz!

General Stats

  • This quiz has been taken 806 times
  • The average score is 7 of 15

Answer Stats

SongArtist% Correct
Livin' on a PrayerBon Jovi
95%
Don't Stop Believin'Journey
90%
Knockin' on Heaven's DoorGuns N' Roses
77%
I Wanna Be SedatedRamones
60%
I Wanna RockTwisted Sister
52%
Rock and Roll Ain't Noise PollutionAC/DC
47%
Livin' on the EdgeAerosmith
44%
Are You Gonna Be My Girl?Jet
44%
Gimme All Your Lovin'ZZ Top
44%
Nothin' But a Good TimePoison
37%
Bringin' on the HeartbreakDef Leppard
34%
You've Got Another Thing Comin'Judas Priest
33%
Gimme Three StepsLynyrd Skynyrd
29%
I Wanna Be Your DogThe Stooges
27%
Flirtin' With DisasterMolly Hatchet
19%

Score Distribution

Percentile by Number Answered

Percent of People with Each Score

Your Score History

You have not taken this quiz